|
|
|
|
| LEADER |
01619nam a2200385 i 4500 |
| 001 |
41156 |
| 003 |
BD-DhAAL |
| 005 |
20230507105300.0 |
| 008 |
230507t2021 bg a b 011 0 eng d |
| 010 |
|
|
|a 2022326784
|
| 020 |
|
|
|a 9789845062855
|
| 025 |
|
|
|a B-E-2022326784; 25; 22-92
|
| 037 |
|
|
|b Library of Congress -- New Delhi Overseas Office
|
| 040 |
|
|
|a DLC
|b eng
|e rda
|c DLC
|d DLC
|d BD-DhAAL
|
| 042 |
|
|
|a lcode
|a pcc
|
| 043 |
|
|
|a a-bg---
|
| 050 |
0 |
0 |
|a HN690.6.Z9
|b C6133 2021
|
| 082 |
|
|
|a 307.1412095492
|2 23
|
| 245 |
0 |
0 |
|a Agricultural transformation and rural poverty in Bangladesh :
|b essays in memory of Dr. Mahabub Hossain /
|c edited by KAS Murshid & Atiqur Rahman.
|
| 264 |
|
1 |
|a Dhaka :
|b The University Press Limited, In association with BIFD,
|c November 2021.
|
| 300 |
|
|
|a xxxiv, 340 pages :
|b illustrations ;
|c 23 cm.
|
| 504 |
|
|
|a Includes bibliographical references and index.
|
| 541 |
|
|
|a Complimentary copy
|e 41156
|
| 650 |
|
0 |
|a Rural development
|z Bangladesh.
|
| 650 |
|
0 |
|a Agriculture
|x Economic aspects
|z Bangladesh.
|
| 650 |
|
0 |
|a Poverty
|z Bangladesh.
|
| 650 |
|
0 |
|a Rural poor
|z Bangladesh.
|
| 700 |
1 |
|
|a Murshid, K. A. S.,
|e editor.
|
| 700 |
1 |
|
|a Rahman, Atiur,
|d 1951-
|e editor.
|
| 700 |
1 |
|
|a Hossain, Mahabub,
|d 1945-2016,
|e honouree.
|9 37679
|
| 710 |
2 |
|
|a Bangladesh Institute of Development Studies,
|e publisher.
|
| 852 |
|
|
|a Ayesha Abed Library
|c General Stacks
|
| 942 |
|
|
|2 ddc
|c BK
|
| 999 |
|
|
|c 45705
|d 45705
|
| 952 |
|
|
|0 0
|1 0
|2 ddc
|4 0
|6 307_141209549200000_AGR
|7 0
|9 73589
|a BRACUL
|b BRACUL
|c GEN
|d 2023-05-07
|e Complimentary copy
|g 900.00
|l 0
|o 307.1412095492 AGR
|p 3010041156
|r 2023-05-07
|t 1
|w 2023-05-07
|y BK
|